| 000 | 00627nam a2200217 a 4500 | ||
|---|---|---|---|
| 001 | 64794 | ||
| 003 | BD-RjUL | ||
| 005 | 20211209081342.0 | ||
| 008 | 170222m19601958enka 000 0 eng d | ||
| 035 | _a(BD-RjUL)64924 | ||
| 040 |
_aCLE _cCLE _dBD-RjUL _beng |
||
| 041 | _aeng | ||
| 082 |
_223 _a796.3582 _bBRT 1960 |
||
| 100 | 1 |
_aBradman, Donald _9192126 |
|
| 245 | 1 | 4 |
_aThe art of cricket / _cDonald Bradman |
| 260 |
_aLondon : _bHodder and Stoughton, _c1958 [Impressin 1960 ]. |
||
| 300 |
_a239 p. : _bill. ; _c24 cm. |
||
| 650 |
_a Cricket _zAustralia. _9185791 |
||
| 650 |
_a Cricket _vCoaching. _9192127 |
||
| 942 |
_2ddc _cBK |
||
| 999 |
_c64794 _d64794 |
||